[Event "Montpellier-Clichy"]
[Site "Clichy"]
[Date "2008.03.22"]
[Round "1.1"]
[White "Stellwagen, D."]
[Black "Jakovenko, D."]
[Result "0-1"]
[WhiteElo "2625"]
[BlackElo "2720"]
[PlyCount "88"]
[EventDate "2008.03.22"]
[SourceDate "2008.03.23"]

1. e4 c6 2. d4 d5 3. Nc3 dxe4 4. Nxe4 Bf5 5. Ng3 Bg6 6. h4 h6 7. Nf3 Nd7 8. h5
Bh7 9. Bd3 Bxd3 10. Qxd3 e6 11. Bf4 Qa5+ 12. Bd2 Bb4 13. c3 Be7 14. c4 Qc7 15.
O-O-O Ngf6 16. Rhe1 b5 17. c5 O-O 18. Kb1 a5 19. Ne2 Ng4 20. Rf1 Rfd8 21. Qc2
b4 22. Ne1 e5 23. f3 Ngf6 24. Nd3 Nd5 25. g4 exd4 26. Nxd4 Bf6 27. Nf5 a4 28.
Nxb4 a3 29. Nxd5 cxd5 30. b4 Rab8 31. f4 Nxc5 32. Rc1 Rdc8 33. g5 hxg5 34. fxg5
Bxg5 35. Qc3 Rxb4+ 36. Ka1 Bf6 37. Nh6+ Kh7 38. Rxf6 Rc4 39. Rxf7 Rxc3 40. Bxc3
Nd3 41. Rxc7 Rxc7 42. Rg1 Rxc3 43. Nf5 Nb4 44. Kb1 Rf3 0-1

[Event "Montpellier-Clichy"]
[Site "Clichy"]
[Date "2008.03.22"]
[Round "1.2"]
[White "Eljanov, P."]
[Black "Prie, E."]
[Result "1-0"]
[WhiteElo "2692"]
[BlackElo "2532"]
[PlyCount "79"]
[EventDate "2008.03.22"]
[SourceDate "2008.03.23"]

1. d4 d5 2. c4 c6 3. Nf3 Nf6 4. Nc3 a6 5. c5 Nbd7 6. Bf4 Nh5 7. Bg5 h6 8. Bd2
Nhf6 9. Qc2 g6 10. Bf4 Nh5 11. Be5 Nxe5 12. Nxe5 Nf6 13. e3 Bf5 14. Bd3 e6 15.
O-O h5 16. f3 Bh6 17. Rae1 O-O 18. Na4 Bxd3 19. Qxd3 Qc7 20. b4 Rad8 21. Nc3
Nd7 22. f4 Kh7 23. a4 f5 24. Nf3 Nf6 25. b5 axb5 26. axb5 Ne4 27. Ra1 Ra8 28.
h4 b6 29. cxb6 Qxb6 30. Ne5 Rfc8 31. bxc6 Rxa1 32. Rxa1 Bg7 33. Rb1 Qa5 34.
Nxe4 fxe4 35. Qc2 Rc7 36. Nd7 Qa3 37. Qc1 Qd6 38. Nb8 Rc8 39. Qb2 Bf6 40. Qb7+
1-0

[Event "Montpellier-Clichy"]
[Site "Clichy"]
[Date "2008.03.22"]
[Round "1.3"]
[White "Maze, S."]
[Black "Pelletier, Y."]
[Result "1/2-1/2"]
[WhiteElo "2573"]
[BlackElo "2600"]
[PlyCount "41"]
[EventDate "2008.03.22"]
[SourceDate "2008.03.23"]

1. d4 d5 2. Nf3 Nf6 3. c4 e6 4. Nc3 Be7 5. Bg5 Nbd7 6. e3 h6 7. Bh4 O-O 8. Qc2
c5 9. Rd1 Qa5 10. cxd5 Nxd5 11. Bxe7 Nxe7 12. Nd2 cxd4 13. Nb3 Qf5 14. Qxf5
Nxf5 15. Nxd4 Nxd4 16. Rxd4 Nb6 17. Be2 e5 18. Rb4 Be6 19. O-O Rfd8 20. Rd1 Nd5
21. Nxd5 1/2-1/2

[Event "Montpellier-Clichy"]
[Site "Clichy"]
[Date "2008.03.22"]
[Round "1.6"]
[White "Apicella, M."]
[Black "Hamdouchi, H."]
[Result "1/2-1/2"]
[WhiteElo "2544"]
[BlackElo "2576"]
[PlyCount "43"]
[EventDate "2008.03.22"]
[SourceDate "2008.03.23"]

1. e4 e5 2. Nf3 Nc6 3. Bb5 a6 4. Ba4 Nf6 5. O-O Be7 6. Re1 b5 7. Bb3 d6 8. c3
O-O 9. h3 Na5 10. Bc2 d5 11. d4 dxe4 12. Nxe5 c5 13. dxc5 Qc7 14. Ng4 Nxg4 15.
hxg4 f5 16. Qd5+ Kh8 17. Qxa8 Bxc5 18. Qd5 Bb7 19. Qe6 Bc8 20. Qd5 Bb7 21. Qe6
Bc8 22. Qd5 1/2-1/2

[Event "Montpellier-Clichy"]
[Site "Clichy"]
[Date "2008.03.22"]
[Round "1.7"]
[White "Libiszewski, F."]
[Black "Edouard, R."]
[Result "1-0"]
[WhiteElo "2468"]
[BlackElo "2507"]
[PlyCount "97"]
[EventDate "2008.03.22"]
[SourceDate "2008.03.23"]

1. e4 c5 2. Nf3 d6 3. d4 cxd4 4. Nxd4 Nf6 5. Nc3 a6 6. Be2 e5 7. Nb3 Be7 8. O-O
O-O 9. Re1 Be6 10. Bf3 Qc7 11. a4 Nbd7 12. a5 h6 13. Be3 Rfc8 14. h3 Nf8 15.
Re2 Ng6 16. Rd2 Nh4 17. Be2 Qc6 18. Nd5 Bxd5 19. exd5 Qd7 20. c4 Ne4 21. Rc2
Bg5 22. Bb6 Bd8 23. Be3 Bg5 24. Bd3 Nf6 25. Bb6 e4 26. Bf1 Qf5 27. Nd4 Qg6 28.
g3 Nf5 29. Nxf5 Qxf5 30. h4 Bxh4 31. gxh4 Qg6+ 32. Bg2 Nh5 33. Ra3 f5 34. Kh2
Nf4 35. Rg3 Qf6 36. h5 Nd3 37. Rxd3 exd3 38. Qxd3 Qh4+ 39. Qh3 Qf4+ 40. Qg3
Rxc4 41. Rxc4 Qxc4 42. Qxd6 Qh4+ 43. Bh3 Re8 44. Qg6 Rf8 45. d6 Qf4+ 46. Qg3
Qd2 47. Qe5 Rf6 48. Bd4 Qb4 49. Qd5+ 1-0

[Event "Montpellier-Clichy"]
[Site "Clichy"]
[Date "2008.03.22"]
[Round "1.8"]
[White "Skripchenko, A."]
[Black "Milliet, S."]
[Result "1-0"]
[WhiteElo "2443"]
[BlackElo "2376"]
[PlyCount "171"]
[EventDate "2008.03.22"]
[SourceDate "2008.03.23"]

1. e4 e5 2. Nf3 Nf6 3. Nxe5 d6 4. Nf3 Nxe4 5. d4 d5 6. Bd3 Bd6 7. O-O O-O 8. c4
c6 9. cxd5 cxd5 10. Nc3 Nxc3 11. bxc3 Bg4 12. Rb1 Nd7 13. Rb5 Nb6 14. h3 Bh5
15. a4 Bg6 16. Ne5 Bxd3 17. Nxd3 Qd7 18. Qb3 Rfc8 19. Rd1 Qc6 20. Bf4 Nc4 21.
Bxd6 Qxd6 22. Nb4 Qe6 23. Nxd5 a6 24. Rc5 Rxc5 25. dxc5 Qe2 26. Qb1 Re8 27. Qd3
Qxd3 28. Rxd3 Kf8 29. Rd4 Na5 30. Nb6 Re1+ 31. Kh2 Rc1 32. Nc8 g6 33. Rd3 Nb3
34. Rd8+ Kg7 35. Nd6 Nxc5 36. c4 Nxa4 37. Rd7 b6 38. Rxf7+ Kg8 39. Rb7 Rc2 40.
f4 Re2 41. f5 gxf5 42. Nxf5 h5 43. Ne7+ Kg7 44. Nd5+ Kh6 45. Rb8 Rc2 46. Nxb6
Nxb6 47. Rxb6+ Kg5 48. h4+ Kf5 49. Rxa6 Rxc4 50. Kh3 Rc3+ 51. g3 Rc5 52. Rh6
Ke4 53. Rg6 Ra5 54. Rb6 Rc5 55. Rf6 Ra5 56. Rf4+ Ke3 57. Rb4 Kf3 58. Rb3+ Ke4
59. g4 Kf4 60. g5 Ra7 61. Rb4+ Kf5 62. Kg2 Ra2+ 63. Kf3 Ra3+ 64. Ke2 Rh3 65.
Rd4 Ke5 66. Rc4 Kf5 67. Rb4 Kg6 68. Rf4 Kg7 69. Kf2 Rb3 70. Rf3 Rb4 71. Kg3
Rg4+ 72. Kh3 Ra4 73. Rb3 Rc4 74. Rb7+ Kg8 75. Rb6 Rc3+ 76. Kg2 Rc4 77. Kg3 Rc3+
78. Kf4 Rc4+ 79. Kf5 Rxh4 80. Kg6 Kf8 81. Kh7 Rg4 82. g6 Ke7 83. Rb7+ Kf6 84.
Rf7+ Ke6 85. Rf8 h4 86. g7 1-0

[Event "Vandoeuvre-Bois-Colombes"]
[Site "Clichy"]
[Date "2008.03.22"]
[Round "1.2"]
[White "Kozakov, M."]
[Black "Meier, G."]
[Result "0-1"]
[WhiteElo "2445"]
[BlackElo "2570"]
[PlyCount "80"]
[EventDate "2008.03.22"]
[SourceDate "2008.03.22"]

1. g3 d5 2. Bg2 Nf6 3. d3 c5 4. Nf3 Nc6 5. O-O e6 6. Nbd2 Be7 7. e4 O-O 8. Qe2
b5 9. Re1 a5 10. h4 b4 11. e5 Ng4 12. Bh3 Nh6 13. Nf1 Nf5 14. c3 a4 15. a3 bxc3
16. bxc3 Rb8 17. Qc2 Na5 18. Qxa4 Nb3 19. Rb1 Nbd4 20. cxd4 Rxb1 21. dxc5 Bxc5
22. Bxf5 exf5 23. Bg5 Qb6 24. Rxb1 Qxb1 25. d4 Qd3 26. N1d2 Bxa3 27. Kg2 h6 28.
Be3 Bc1 29. Qc6 Bxd2 30. Bxd2 Ba6 31. Be3 Qc4 32. Qd6 Re8 33. Nd2 Qb5 34. Nf3
Bc8 35. Ng1 Be6 36. Nh3 Ra8 37. Nf4 Ra1 38. Kf3 Qb1 39. Qd8+ Kh7 40. Qc7 Qh1+
0-1

[Event "Vandoeuvre-Bois-Colombes"]
[Site "Clichy"]
[Date "2008.03.22"]
[Round "1.4"]
[White "Shoker, S."]
[Black "Brunner, N."]
[Result "1/2-1/2"]
[WhiteElo "2381"]
[BlackElo "2428"]
[PlyCount "127"]
[EventDate "2008.03.22"]
[SourceDate "2008.03.22"]

1. g3 c5 2. Bg2 Nc6 3. c4 g6 4. Nc3 Bg7 5. a3 a5 6. Nf3 e5 7. d4 cxd4 8. Nb5 d6
9. e3 Nge7 10. exd4 exd4 11. Nfxd4 Nxd4 12. Nxd4 O-O 13. O-O d5 14. c5 a4 15.
Bg5 h6 16. Bf4 Bd7 17. Re1 Re8 18. Rc1 Nf5 19. Nxf5 Bxf5 20. Qd2 Qf6 21. Qxd5
Qxb2 22. Qxb7 Qxa3 23. Bd5 Be6 24. Bxe6 fxe6 25. Rxe6 Qb3 26. Rxe8+ Rxe8 27. c6
g5 28. Qd7 Qf7 29. Qxe8+ Qxe8 30. c7 Bc3 31. Be5 a3 32. Rxc3 a2 33. Ra3 Qc6 34.
Rxa2 Qc1+ 35. Kg2 Qc6+ 36. Kh3 h5 37. Ra3 Qc1 38. Ra1 Qc6 39. Rd1 Kf7 40. Re1
Kg6 41. f3 Qc2 42. Bd6 g4+ 43. fxg4 hxg4+ 44. Kh4 Qxh2+ 45. Kxg4 Qh5+ 46. Kf4
Qf5+ 47. Ke3 Qc2 48. Bf4 Qc3+ 49. Kf2 Qc5+ 50. Kf3 Qc6+ 51. Kf2 Qc5+ 52. Kf1
Qc4+ 53. Re2 Kf5 54. Ke1 Qc3+ 55. Rd2 Qc1+ 56. Ke2 Qc4+ 57. Ke3 Qc5+ 58. Rd4
Qc3+ 59. Rd3 Qe1+ 60. Kd4 Qb4+ 61. Kd5 Qb5+ 62. Kd4 Qb4+ 63. Kd5 Qb5+ 64. Kd4
1/2-1/2

[Event "Vandoeuvre-Bois-Colombes"]
[Site "Clichy"]
[Date "2008.03.22"]
[Round "1.5"]
[White "Philippe, C."]
[Black "Vuilleumier, A."]
[Result "0-1"]
[WhiteElo "2378"]
[BlackElo "2285"]
[PlyCount "116"]
[EventDate "2008.03.22"]
[SourceDate "2008.03.22"]

1. e4 e5 2. Nf3 Nc6 3. Bb5 f5 4. d3 fxe4 5. dxe4 Nf6 6. O-O Bc5 7. Qd3 d6 8.
Nc3 a6 9. Ba4 O-O 10. Bxc6 bxc6 11. Nxe5 Qe8 12. Nf3 a5 13. Na4 Ba6 14. Qb3+
Kh8 15. Nxc5 Bxf1 16. Kxf1 dxc5 17. e5 Ng4 18. Qc3 Qh5 19. h3 Rxf3 20. gxf3
Nxe5 21. f4 Nf3 22. Kg2 Nd4 23. Be3 Qg6+ 24. Kh1 Qe4+ 25. Kh2 Nf3+ 26. Kg3 h5
27. Qxc5 h4+ 28. Kg4 g5 29. Bd4+ Nxd4 30. Qe5+ Qxe5 31. fxe5 Rf8 32. Kxg5 Nf3+
33. Kg4 Nxe5+ 34. Kxh4 Rxf2 35. Re1 Ng6+ 36. Kg5 Kg7 37. Re6 Rg2+ 38. Kf5 Nh4+
39. Kf4 Rxc2 40. Re7+ Kf6 41. Rxc7 Ng6+ 42. Ke4 Ne5 43. Rb7 Ke6 44. Rh7 Nd7 45.
Rh5 a4 46. Rh6+ Nf6+ 47. Kd4 Rxb2 48. a3 Rc2 49. Rh4 Nd5 50. Rh6+ Kd7 51. Rh7+
Kd6 52. h4 c5+ 53. Kd3 Rc3+ 54. Kd2 Rxa3 55. h5 Rh3 56. h6 a3 57. Ra7 a2 58. h7
Rxh7 0-1

[Event "Vandoeuvre-Bois-Colombes"]
[Site "Clichy"]
[Date "2008.03.22"]
[Round "1.6"]
[White "Guichard, P."]
[Black "Nezar, M."]
[Result "0-1"]
[WhiteElo "2274"]
[BlackElo "2404"]
[PlyCount "90"]
[EventDate "2008.03.22"]
[SourceDate "2008.03.22"]

1. d4 Nf6 2. c4 e6 3. Nf3 c5 4. d5 exd5 5. cxd5 Bd6 6. Nc3 O-O 7. e4 Re8 8. Bd3
Bc7 9. O-O a6 10. a4 d6 11. h3 Nbd7 12. Bg5 Nf8 13. e5 dxe5 14. Ne4 h6 15. Bxf6
gxf6 16. Ng3 Ng6 17. Bxg6 fxg6 18. Qc2 f5 19. Qxc5 e4 20. Nd4 f4 21. Nge2 f3
22. Ng3 Bd6 23. Qc2 Qg5 24. Rae1 Bf5 25. Ndxf5 gxf5 26. gxf3 f4 27. Rxe4 Rxe4
28. Qxe4 Kh8 29. Qe6 Rd8 30. Rc1 fxg3 31. Rc8 Rf8 32. Rxf8+ Bxf8 33. Qc8 gxf2+
34. Kxf2 Qe7 35. Qc3+ Qg7 36. Qc8 Qxb2+ 37. Kf1 Qb4 38. d6 Qxd6 39. Qxb7 Qd1+
40. Kf2 Qxa4 41. Qb2+ Kg8 42. Qf6 Qc2+ 43. Kg3 Qc7+ 44. Kf2 Bc5+ 45. Kf1 Qd6
0-1

[Event "Vandoeuvre-Bois-Colombes"]
[Site "Clichy"]
[Date "2008.03.22"]
[Round "1.7"]
[White "Paci, C."]
[Black "Pietrasanta, J."]
[Result "0-1"]
[WhiteElo "2301"]
[BlackElo "2266"]
[PlyCount "74"]
[EventDate "2008.03.22"]
[SourceDate "2008.03.22"]

1. e4 g6 2. d4 Bg7 3. Nc3 c6 4. Nf3 d6 5. Be3 Nd7 6. Qd2 b5 7. Bd3 a6 8. O-O
Bb7 9. Rfe1 c5 10. h3 Rc8 11. d5 Ngf6 12. Bh6 O-O 13. Bxg7 Kxg7 14. a4 b4 15.
Nd1 e6 16. dxe6 fxe6 17. Ng5 Re8 18. c4 Ne5 19. f4 Nxd3 20. Qxd3 Nh5 21. g3 h6
22. Nf3 Nxg3 23. Nf2 Rf8 24. Nd4 cxd4 25. Qxg3 Qf6 26. Nd3 Rxc4 27. Re2 a5 28.
Rae1 Qf7 29. Rf2 Kh7 30. Kh2 Rfc8 31. Ree2 R4c6 32. f5 gxf5 33. exf5 e5 34. Qh4
R6c7 35. f6 Rg8 36. Rc2 Rd7 37. Rf5 Qd5 0-1

[Event "Vandoeuvre-Bois-Colombes"]
[Site "Clichy"]
[Date "2008.03.22"]
[Round "1.8"]
[White "Le Roy, B."]
[Black "Congiu, M."]
[Result "1-0"]
[WhiteElo "2301"]
[BlackElo "2195"]
[PlyCount "95"]
[EventDate "2008.03.22"]
[SourceDate "2008.03.22"]

1. e4 e5 2. Nf3 Nc6 3. Bb5 a6 4. Bxc6 dxc6 5. d4 exd4 6. Qxd4 Qxd4 7. Nxd4 Bd6
8. O-O f6 9. b3 c5 10. Ne2 Ne7 11. Bb2 c4 12. bxc4 Be6 13. Nd2 O-O-O 14. Nd4
Bf7 15. Rfd1 c5 16. Ne2 Nc6 17. Nc3 Nd4 18. Nd5 Nxc2 19. Rab1 Rhe8 20. Bc3 Bxd5
21. cxd5 Na3 22. Rbc1 b6 23. Bb2 Nb5 24. a4 Na7 25. f3 Kd7 26. Nc4 Nc8 27. Rc2
Bb8 28. g4 Bf4 29. Bc1 Bxc1 30. Rdxc1 h5 31. h3 hxg4 32. hxg4 Rh8 33. Rh2 Rxh2
34. Kxh2 Kc7 35. Rb1 g6 36. Kg3 f5 37. Kf4 fxe4 38. fxe4 Rf8+ 39. Kg5 Re8 40.
e5 Rd8 41. Ne3 Rf8 42. Rh1 b5 43. Rh7+ Kb6 44. a5+ Kxa5 45. d6 c4 46. Rc7 Nxd6
47. exd6 Rd8 48. d7 1-0

[Event "Bois Colombes-Clichy"]
[Site "?"]
[Date "2008.03.23"]
[Round "2.1"]
[White "Shoker, S."]
[Black "Eljanov, P."]
[Result "1/2-1/2"]
[WhiteElo "2381"]
[BlackElo "2692"]
[PlyCount "84"]
[EventDate "2008.??.??"]

1. g3 e5 2. Bg2 d5 3. d3 c6 4. Nf3 Bd6 5. e4 Ne7 6. Nc3 O-O 7. O-O Na6 8. d4
exd4 9. Nxd4 Nc7 10. exd5 Nexd5 11. Ne4 Be7 12. c4 Nf6 13. Bf4 Nxe4 14. Bxe4
Bf6 15. Nf5 Ne6 16. Be3 Bxb2 17. Rb1 Ba3 18. Qc2 Bc5 19. Rfd1 Qc7 20. Nd4 Bxd4
21. Bxh7+ Kh8 22. Bxd4 Ng5 23. Bf5 Kg8 24. Be3 Bxf5 25. Qxf5 Ne6 26. h4 Rfd8
27. h5 Rxd1+ 28. Rxd1 Rd8 29. Re1 b6 30. h6 Qe7 31. hxg7 Nxg7 32. Qg4 Qe6 33.
Qh4 Rd3 34. Bd2 Qg6 35. Bg5 Qh5 36. Re8+ Kh7 37. Re7 Qxh4 38. Bxh4 Kg6 39. Rxa7
Nf5 40. Ra6 Nxh4 41. gxh4 Rc3 42. Rxb6 Rxc4 1/2-1/2

[Event "Bois Colombes-Clichy"]
[Site "?"]
[Date "2008.03.23"]
[Round "2.4"]
[White "Tregubov, P."]
[Black "Vuilleumier, A."]
[Result "1-0"]
[WhiteElo "2636"]
[BlackElo "2285"]
[PlyCount "111"]
[EventDate "2008.??.??"]

1. d4 Nf6 2. Nf3 e6 3. c4 c5 4. d5 exd5 5. cxd5 d6 6. Nc3 g6 7. Nd2 Nbd7 8. e4
Bg7 9. Be2 O-O 10. O-O Re8 11. f4 c4 12. Kh1 Nc5 13. e5 dxe5 14. fxe5 Rxe5 15.
Nxc4 Rf5 16. Bf4 Nfe4 17. Nxe4 Nxe4 18. Ne3 Bxb2 19. Nxf5 Bxf5 20. Rb1 Qf6 21.
Qb3 Bd4 22. Qxb7 Rf8 23. Rbd1 Bb6 24. d6 Nc3 25. Qe7 Qxe7 26. dxe7 Re8 27. Bg5
f6 28. Bc4+ Kg7 29. Rc1 Ne4 30. Bh4 Rxe7 31. Bd5 Re5 32. Ba8 g5 33. Be1 h5 34.
Bxe4 Bxe4 35. Bc3 Re6 36. Rce1 Kg6 37. Rxf6+ Rxf6 38. Bxf6 Bxg2+ 39. Kxg2 Kxf6
40. Rf1+ Kg6 41. Rd1 Kf5 42. a4 Kf4 43. h3 g4 44. h4 g3 45. Rb1 Bf2 46. Rb4+
Kf5 47. Kf3 Kg6 48. Rb5 Kh6 49. Re5 Kg6 50. Rg5+ Kh6 51. Ke2 Bd4 52. Rxg3 Bf6
53. Rd3 Bxh4 54. Rd7 Bf6 55. Rxa7 Kg5 56. a5 1-0

[Event "Bois Colombes-Clichy"]
[Site "?"]
[Date "2008.03.23"]
[Round "2.5"]
[White "Chomet, P."]
[Black "Edouard, R."]
[Result "1/2-1/2"]
[WhiteElo "2333"]
[BlackElo "2507"]
[PlyCount "82"]
[EventDate "2008.??.??"]

1. g3 d5 2. Bg2 e5 3. d3 Bd6 4. e4 d4 5. Nf3 c5 6. O-O Ne7 7. c3 Nbc6 8. Na3
O-O 9. Nc4 Bc7 10. a4 f6 11. cxd4 exd4 12. Nfd2 Be6 13. Nb3 b6 14. Bd2 Qe8 15.
f4 Qf7 16. Rc1 Rad8 17. Be1 Kh8 18. g4 a6 19. Bg3 Nb4 20. a5 b5 21. Nxc5 bxc4
22. f5 Bxg3 23. fxe6 Qg8 24. hxg3 Nxd3 25. Nxd3 cxd3 26. e5 fxe5 27. Rxf8 Rxf8
28. Qxd3 Qxe6 29. Qe4 Rd8 30. Bf1 Ng6 31. Rc6 Qb3 32. Bd3 Qxb2 33. Rxa6 Qc1+
34. Kh2 Qh6+ 35. Kg2 Qd2+ 36. Kh3 Qh6+ 37. Kg2 Qd2+ 38. Kh3 Rf8 39. Ra8 Qh6+
40. Kg2 Qd2+ 41. Kh3 Qh6+ 1/2-1/2

[Event "Bois Colombes-Clichy"]
[Site "?"]
[Date "2008.03.23"]
[Round "2.6"]
[White "Pelletier, Y."]
[Black "Le Roy, B."]
[Result "1-0"]
[WhiteElo "2600"]
[BlackElo "2301"]
[PlyCount "97"]
[EventDate "2008.??.??"]

1. Nf3 Nf6 2. c4 e6 3. Nc3 d5 4. d4 Nbd7 5. Bf4 c6 6. e3 Be7 7. Rc1 O-O 8. h3
Re8 9. a3 Nf8 10. Bd3 Ng6 11. Bh2 Bd6 12. Bxd6 Qxd6 13. c5 Qd8 14. O-O b6 15.
b4 bxc5 16. bxc5 Qa5 17. Bxg6 hxg6 18. Ne5 Ba6 19. Re1 Rec8 20. e4 Rc7 21. Qf3
Rf8 22. exd5 exd5 23. Qf4 Re7 24. Re3 Qc7 25. Rce1 Rfe8 26. Nxg6 fxg6 27. Qxc7
Rxc7 28. Rxe8+ Nxe8 29. Rxe8+ Kf7 30. Rd8 Bc8 31. Rd6 Bd7 32. h4 Rb7 33. Ne2
Be8 34. Nf4 Rb1+ 35. Kh2 Rd1 36. Ne6 Bd7 37. Ng5+ Ke8 38. Nf3 Bg4 39. Ne5 Rxd4
40. Rd8+ Kxd8 41. Nxc6+ Kd7 42. Nxd4 Bf5 43. Kg3 Bd3 44. Kf4 a6 45. Ke5 Bc4 46.
g3 Ba2 47. Ne6 Ke7 48. Nf4 Kd7 49. Nxg6 1-0

[Event "Bois Colombes-Clichy"]
[Site "?"]
[Date "2008.03.23"]
[Round "2.7"]
[White "Guichard, P."]
[Black "Apicella, M."]
[Result "0-1"]
[WhiteElo "2274"]
[BlackElo "2544"]
[PlyCount "62"]
[EventDate "2008.??.??"]

1. d4 Nf6 2. c4 g6 3. Nc3 Bg7 4. e4 d6 5. Be2 O-O 6. Bg5 Na6 7. Qd2 e5 8. d5
Qe8 9. h4 Nc5 10. f3 Nh5 11. g4 Nf4 12. h5 h6 13. Bxf4 exf4 14. hxg6 fxg6 15.
Nh3 Qe5 16. Nf2 Bd7 17. Rc1 a5 18. Nd3 Nxd3+ 19. Bxd3 a4 20. Qf2 c5 21. Kf1 Kf7
22. Qc2 Rh8 23. Rg1 h5 24. g5 h4 25. Ne2 h3 26. Qd2 Rh4 27. Rh1 h2 28. Qe1 Bh3+
29. Kf2 Qxb2 30. Qd1 Bd4+ 31. Ke1 Qb4+ 0-1

[Event "Bois Colombes-Clichy"]
[Site "?"]
[Date "2008.03.23"]
[Round "2.8"]
[White "Skripchenko, A."]
[Black "Pietrasanta, J."]
[Result "1-0"]
[WhiteElo "2443"]
[BlackElo "2268"]
[PlyCount "67"]
[EventDate "2008.??.??"]

1. e4 g6 2. d4 Bg7 3. Nc3 c6 4. Nf3 d6 5. Be3 Nd7 6. Qd2 b5 7. Bd3 a6 8. Ne2
Bb7 9. Ng3 c5 10. c3 Ngf6 11. h3 e5 12. d5 c4 13. Bc2 Qc7 14. O-O Nc5 15. Rae1
h5 16. Nh4 Nfd7 17. Bg5 Bf6 18. Bxf6 Nxf6 19. f4 Qe7 20. fxe5 dxe5 21. Nf3
O-O-O 22. Qg5 h4 23. Nxe5 Nxd5 24. Qg4+ f5 25. exf5 hxg3 26. f6+ Qe6 27. Qxe6+
Nxe6 28. Nxg6 Ndf4 29. Nxf4 Nxf4 30. Rxf4 Rd2 31. Be4 Rhd8 32. f7 Bxe4 33.
Rexe4 Rxb2 34. Re8 1-0

[Event "Vandoeuvre-Montpellier"]
[Site "?"]
[Date "2008.03.23"]
[Round "2.2"]
[White "Bauer, C."]
[Black "Meier, G."]
[Result "0-1"]
[WhiteElo "2614"]
[BlackElo "2570"]
[PlyCount "86"]
[EventDate "2008.??.??"]

1. c4 Nf6 2. Nc3 c5 3. Nf3 e6 4. e3 Nc6 5. d4 d5 6. a3 cxd4 7. exd4 Be7 8. Bd3
dxc4 9. Bxc4 O-O 10. O-O a6 11. Ba2 b5 12. Bg5 h6 13. Bh4 b4 14. axb4 Nxb4 15.
Bb1 Bb7 16. Ne5 Nd7 17. Bg3 Nf6 18. Re1 Rc8 19. h3 Qb6 20. Na4 Qa7 21. Ng4 Rfd8
22. Be5 Kf8 23. Nc3 Nd7 24. Bf4 Nf6 25. Be5 Nd7 26. Bf4 Qa8 27. Nxh6 Nf6 28.
Qe2 gxh6 29. Bxh6+ Ke8 30. Bf5 Bd5 31. Bg7 Qc6 32. Qe5 Nd7 33. Qe3 Bf6 34. Qh6
Ke7 35. Bxf6+ Nxf6 36. Rac1 Rh8 37. Qf4 Qd6 38. Re5 Rcg8 39. g3 Nd7 40. Be4 f6
41. Bxd5 fxe5 42. dxe5 Nxe5 43. Ne4 Nxd5 0-1

[Event "Vandoeuvre-Montpellier"]
[Site "?"]
[Date "2008.03.23"]
[Round "2.4"]
[White "Hamdouchi, H."]
[Black "Nezar, M."]
[Result "1-0"]
[WhiteElo "2575"]
[BlackElo "2404"]
[PlyCount "47"]
[EventDate "2008.??.??"]

1. e4 e5 2. Nf3 Nf6 3. Nxe5 d6 4. Nf3 Nxe4 5. Nc3 Nxc3 6. dxc3 Be7 7. Bf4 O-O
8. Qd2 Nd7 9. O-O-O Nc5 10. Be3 b6 11. h4 Bb7 12. Kb1 Ne4 13. Qc1 Qc8 14. Ng5
d5 15. Bd3 f6 16. f3 fxg5 17. hxg5 Qe6 18. fxe4 dxe4 19. Be2 Rad8 20. b3 Kh8
21. Bc4 Qg4 22. Rxd8 Rxd8 23. Bf7 Bd5 24. Rxh7+ 1-0

[Event "Vandoeuvre-Montpellier"]
[Site "?"]
[Date "2008.03.23"]
[Round "2.5"]
[White "Brunner, N."]
[Black "Maze, S."]
[Result "0-1"]
[WhiteElo "2428"]
[BlackElo "2573"]
[PlyCount "76"]
[EventDate "2008.??.??"]

1. d4 Nf6 2. c4 g6 3. Nc3 Bg7 4. Nf3 O-O 5. e4 d6 6. Be2 Nbd7 7. O-O e5 8. Be3
Re8 9. d5 Nh5 10. g3 Bf8 11. Ne1 Ng7 12. Nd3 f5 13. f3 Be7 14. Qd2 Nf6 15. c5
fxe4 16. fxe4 Bh3 17. Rf2 Ng4 18. Bxg4 Bxg4 19. a4 a6 20. a5 Rf8 21. Rxf8+ Qxf8
22. Rf1 Qe8 23. b4 Nh5 24. Nb2 Bh3 25. Rf3 Nf6 26. cxd6 cxd6 27. Nc4 Rc8 28.
Nb6 Rc7 29. Qd3 Nd7 30. Nca4 Nxb6 31. Nxb6 Qb5 32. Qd2 Rc3 33. g4 Rd3 34. Qc1
Bxg4 35. Rf1 Qe8 36. Bh6 Bh3 37. Rf2 g5 38. Kh1 Qh5 0-1

[Event "Vandoeuvre-Montpellier"]
[Site "?"]
[Date "2008.03.23"]
[Round "2.6"]
[White "Libiszewski, F."]
[Black "Paci, C."]
[Result "1-0"]
[WhiteElo "2468"]
[BlackElo "2301"]
[PlyCount "103"]
[EventDate "2008.??.??"]

1. e4 c5 2. Nf3 e6 3. d4 cxd4 4. Nxd4 Nf6 5. Nc3 d6 6. Be3 Be7 7. f3 O-O 8. Qd2
Nc6 9. O-O-O d5 10. exd5 Nxd5 11. Nxd5 Qxd5 12. c4 Qd6 13. Nb5 Qb8 14. Bd3 Rd8
15. Qc2 h6 16. Bh7+ Kh8 17. Rxd8+ Bxd8 18. Rd1 f5 19. Bg6 Qe5 20. Qf2 Be7 21.
f4 Qf6 22. Bh5 Qh4 23. Qxh4 Bxh4 24. Nc7 Rb8 25. Bf7 Bf6 26. Bf2 e5 27. Nd5 e4
28. Nxf6 gxf6 29. Rd6 Kg7 30. Bh5 Nb4 31. Bh4 Nd3+ 32. Kd2 Nxf4 33. Bxf6+ Kh7
34. Bf7 b5 35. Rd8 Be6 36. Rxb8 Bxf7 37. c5 Nxg2 38. c6 e3+ 39. Kc1 f4 40. c7
Be6 41. c8=Q Bxc8 42. Rxc8 f3 43. Bc3 b4 44. Bd4 f2 45. Rf8 f1=Q+ 46. Rxf1 e2
47. Rg1 e1=Q+ 48. Rxe1 Nxe1 49. Bxa7 Kg6 50. Bb8 Kf5 51. Kd2 Nf3+ 52. Ke3 1-0

[Event "Vandoeuvre-Montpellier"]
[Site "?"]
[Date "2008.03.23"]
[Round "2.7"]
[White "Philippe, C."]
[Black "Flear, G."]
[Result "1-0"]
[WhiteElo "2378"]
[BlackElo "2493"]
[PlyCount "71"]
[EventDate "2008.??.??"]

1. e4 e5 2. Nf3 Nc6 3. Bb5 a6 4. Ba4 Nf6 5. d3 d6 6. c3 g6 7. Nbd2 Bg7 8. Nf1
O-O 9. Bg5 h6 10. Bh4 b5 11. Bb3 Bb7 12. Ne3 Qd7 13. Bxf6 Bxf6 14. h4 h5 15.
Ng5 Na5 16. Bc2 Qd8 17. g4 Bxg5 18. hxg5 h4 19. Rxh4 Qxg5 20. Rh1 Kg7 21. Qd2
Rh8 22. O-O-O Qf4 23. b4 Nc6 24. Nd5 Qf3 25. Rhg1 Rh2 26. Rdf1 a5 27. Qe1 Qh3
28. Rg3 Qh4 29. Nxc7 axb4 30. Nxa8 Bxa8 31. cxb4 Nd4 32. Bd1 Bc6 33. Qe3 g5 34.
Kb1 f6 35. Bb3 Ne2 36. Qa7+ 1-0

[Event "Vandoeuvre-Montpellier"]
[Site "?"]
[Date "2008.03.23"]
[Round "2.8"]
[White "Milliet, S."]
[Black "Congiu, M."]
[Result "1-0"]
[WhiteElo "2376"]
[BlackElo "2195"]
[PlyCount "131"]
[EventDate "2008.??.??"]

1. e4 e5 2. Nf3 Nc6 3. Bb5 a6 4. Ba4 Nf6 5. O-O Bc5 6. c3 b5 7. Bc2 d5 8. a4
Bb7 9. axb5 axb5 10. Rxa8 Bxa8 11. exd5 Qxd5 12. d4 exd4 13. Re1+ Be7 14. cxd4
Qd8 15. Nc3 b4 16. Ne4 O-O 17. Qd3 Nd5 18. Nc5 Nf6 19. Bg5 b3 20. Bb1 Nb4 21.
Qxb3 Bxf3 22. Qxb4 Bc6 23. Qc4 Re8 24. Rc1 Bf8 25. Ba2 Bd5 26. Bxf6 Bxc4 27.
Bxd8 Bxa2 28. Bxc7 Re2 29. Nd7 f6 30. Nxf8 Kxf8 31. Bd6+ Ke8 32. b4 Rd2 33. Bc5
Rb2 34. Re1+ Kf7 35. Re7+ Kg6 36. h3 Rb1+ 37. Kh2 Rb2 38. Kg3 Rb3+ 39. Kh2 Rb2
40. Kg3 Rb3+ 41. Kf4 Rb2 42. Ke3 Bd5 43. Rd7 Bxg2 44. Bf8 Rb3+ 45. Kd2 Be4 46.
Rxg7+ Kf5 47. Rxh7 Rd3+ 48. Ke2 Rxd4 49. Bc5 Rc4 50. Ke3 Bg2 51. h4 Kg6 52. Rh8
Kg7 53. Rc8 Re4+ 54. Kd2 Rxh4 55. b5 Rh8 56. Rc7+ Kg6 57. Kc3 Rb8 58. Kb4 Bf1
59. b6 Be2 60. Ka5 Ra8+ 61. Ra7 Rc8 62. Bd6 Rc1 63. b7 Ra1+ 64. Kb6 Rb1+ 65.
Kc7 Rc1+ 66. Kd8 1-0

[Event "Montpellier-Bois Colombes"]
[Site "?"]
[Date "2008.03.24"]
[Round "3.1"]
[White "PRIE, E."]
[Black "SHOKER, S."]
[Result "1-0"]
[WhiteElo "2532"]
[BlackElo "2381"]
[PlyCount "63"]
[EventDate "2008.??.??"]

1. d4 g6 2. e4 Bg7 3. f4 c5 4. d5 d6 5. Nc3 Na6 6. Nf3 Nc7 7. a4 Nf6 8. Bd3 O-O
9. O-O Rb8 10. Qe1 a6 11. a5 e6 12. dxe6 Nxe6 13. f5 Nd4 14. Qh4 gxf5 15. exf5
Nxf5 16. Bxf5 Bxf5 17. Bg5 h6 18. Bxh6 Bxh6 19. Qxh6 Bg6 20. Ra4 Nh7 21. Nd5
Re8 22. Nh4 Re6 23. Rxf7 Kxf7 24. Nxg6 Qg8 25. Rf4+ Nf6 26. Ne5+ Rxe5 27. Qxf6+
Ke8 28. Qxd6 Re1+ 29. Kf2 Re2+ 30. Kxe2 Qxg2+ 31. Ke1 Qh1+ 32. Rf1 1-0

[Event "Montpellier-Bois Colombes"]
[Site "?"]
[Date "2008.03.24"]
[Round "3.2"]
[White "KOZAKOV, M."]
[Black "STELLWAGEN, D."]
[Result "0-1"]
[WhiteElo "2445"]
[BlackElo "2625"]
[PlyCount "62"]
[EventDate "2008.??.??"]

1. d4 d5 2. c4 c6 3. Nc3 Nf6 4. Nf3 e6 5. e3 Nbd7 6. Bd3 dxc4 7. Bxc4 b5 8. Be2
Bb7 9. O-O a6 10. e4 c5 11. d5 exd5 12. e5 Ne4 13. Nxd5 c4 14. Nf4 Qb6 15. a4
Bc5 16. Nh3 Rd8 17. Qc2 O-O 18. axb5 axb5 19. b3 f6 20. bxc4 Nxe5 21. cxb5 Ng4
22. Ba3 Ngxf2 23. Bc4+ Kh8 24. Nxf2 Bxf2+ 25. Rxf2 Rfe8 26. Raf1 Rc8 27. Qb3
Nxf2 28. Rxf2 Re3 29. Ng5 fxg5 30. Qb4 Re4 31. Kf1 Qd8 0-1